Descentralización e infraestructura local en México: Una nueva política pública para el desarrollo/ por Xavier Greffe; con la colaboración de Craig Kennedy; Evan Walker; Josef Konvitz. (Record no. 137755)
[ view plain ]
| 000 -CABECERA | |
|---|---|
| campo de control de longitud fija | 00788nam a2200229 a 4500 |
| 005 - FECHA Y HORA DE LA ÚLTIMA TRANSACCIÓN | |
| campo de control | 20240925064821.0 |
| 008 - ELEMENTOS DE LONGITUD FIJA--INFORMACIÓN GENERAL | |
| campo de control de longitud fija | 081108s2000 mx r 000 0 spa d |
| 020 ## - NÚMERO INTERNACIONAL NORMALIZADO PARA LIBROS | |
| Número Internacional Estándar del Libro | 9264460497 |
| 035 ## - NÚMERO DE CONTROL DEL SISTEMA | |
| Número de control de sistema | UPN01000165643 |
| 049 ## - COLECCIÓN | |
| Colección | UNE |
| 080 ## - NÚMERO DE CLASIFICACIÓN DECIMAL UNIVERSAL | |
| Número de la Clasificación Decimal Universal | 342.25 (72) "1998" GRE No.98. |
| 100 1# - ASIENTO PRINCIPAL--NOMBRE PERSONAL | |
| Nombre de persona | Greffe, Xavier |
| 245 10 - MENCIÓN DE TÍTULO | |
| Título | Descentralización e infraestructura local en México: Una nueva política pública para el desarrollo/ por Xavier Greffe; con la colaboración de Craig Kennedy; Evan Walker; Josef Konvitz. |
| 260 ## - PUBLICACIÓN, DISTRIBUCIÓN, ETC. | |
| Lugar de publicación, distribución, etc. | París: OCDE, 1998. |
| 300 ## - DESCRIPCIÓN FÍSICA | |
| Extensión | 121 p.; 23 cm. il. |
| 440 #0 - MENCIÓN DE SERIE/ASIENTO SECUNDARIO--TÍTULO | |
| Título | Perspectivas OCDE; 98 |
| 690 ## - PUNTO DE ACCESO ADICIONAL DE MATERIA LOCAL--TÉRMINO DE MATERIA (OCLC, RLIN) | |
| Término de materia o nombre geográfico como elemento inicial | Descentralización |
| 690 ## - PUNTO DE ACCESO ADICIONAL DE MATERIA LOCAL--TÉRMINO DE MATERIA (OCLC, RLIN) | |
| Término de materia o nombre geográfico como elemento inicial | Política económica |
| 9 (RLIN) | 1147 |
| 690 ## - PUNTO DE ACCESO ADICIONAL DE MATERIA LOCAL--TÉRMINO DE MATERIA (OCLC, RLIN) | |
| Término de materia o nombre geográfico como elemento inicial | Gobierno local |
| 9 (RLIN) | 17057 |
| 690 ## - PUNTO DE ACCESO ADICIONAL DE MATERIA LOCAL--TÉRMINO DE MATERIA (OCLC, RLIN) | |
| Término de materia o nombre geográfico como elemento inicial | Política de desarrollo |
| 905 ## - TIPO DE MATERIAL | |
| Tipo de material | UNESCO |
No items available.
